LEADER 00875cam0 2200265 450 001 E600200007730 005 20201103112640.0 100 $a20041120d1985 |||||ita|0103 ba 101 $aita 102 $aIT 200 1 $aAmore come passione$fNiklas Luhmann 210 $aBari$cLaterza$d1985 215 $a214 p.$d21 cm 225 2 $aBiblioteca di cultura moderna$v916 410 1$1001LAEC00016259$12001 $a*Biblioteca di cultura moderna$v916 700 1$aLuhmann$b, Niklas$3AF00009376$4070$0118733 801 0$aIT$bUNISOB$c20201103$gRICA 850 $aUNISOB 852 $aUNISOB$j000|Coll|1|K$m41690 912 $aE600200007730 940 $aM 102 Monografia moderna SBN 941 $aM 957 $a000|Coll|1|K$b000162$gSI$d41690$racquisto$1pregresso3$2UNISOB$3UNISOB$420041120082630.0$520201103112630.0$6Spinosa 996 $aLiebe als Passion$913900 997 $aUNISOB